00386nam a2200145Ia 4500008004100000040001300041100001200054100002100066245007100087260001400158260001000172260000900182300000700191700004200198180423s9999 xx 000 0 und d aPK-NaQUE a12ME139 aSharjeel Bashir  0aDesign Fabrication and Performance Analysis of Water Chiller Plant aNawabshah bQUEST c2012 a70 aDepartment of Mechanical Engineering